| Record ID | marc_records_scriblio_net/part10.dat:144252268:598 |
| Source | Scriblio |
| Download Link | /show-records/marc_records_scriblio_net/part10.dat:144252268:598?format=raw |
LEADER: 00598cam 2200205 i 4500
001 77950226 /SA/r92
003 DLC
005 19921127134340.2
008 781005s1966 io b 00010 ind
010 $a 77950226 /SA/r92
040 $aDLC$cDLC$dDLC
043 $aa-io---
050 00 $aBL1157.I5$bA52
100 00 $aAnandakusuma,$cSri Reshi.
245 10 $aPergolakan Hindu dharma /$coleh I Gusti Anandakusuma.
260 0 $aDenpasar :$bPustaka Balimas,$c[1966]
300 $a2 v. ;$c21 cm.
504 $aBibliography: v. 2, p. 121.
650 0 $aHinduism$zIndonesia$xHistory.
650 0 $aHinduism$xHistory.